Welcome to the Holygrace Academy Library

Please use search bar below to get started

THE SECRET SEVEN: GOOD WORK SECRET SEVEN (Record no. 8471)

MARC details
000 -LEADER
fixed length control field 00350nam a22001217a 4500
082 ## - DEWEY DECIMAL CLASSIFICATION NUMBER
Classification number 823
Item number BLY/S
100 ## - MAIN ENTRY--AUTHOR NAME
Personal name BLYTON, ENID
245 ## - TITLE STATEMENT
Title THE SECRET SEVEN: GOOD WORK SECRET SEVEN
246 ## - VARYING FORM OF TITLE
Title proper/short title THE SECRET SEVEN: GOOD WORK SECRET SEVEN
Remainder of title THE SECRET SEVEN: GOOD WORK SECRET SEVEN
260 ## - PUBLICATION, DISTRIBUTION, ETC. (IMPRINT)
Place of publication LONDON
Name of publisher HODDER CHILDREN
Year of publication 1988
300 ## - PHYSICAL DESCRIPTION
Number of Pages 122
942 ## - ADDED ENTRY ELEMENTS (KOHA)
Koha item type Books
Holdings
Withdrawn status Lost status Collection code Home library Current library Shelving location Date acquired Source of acquisition Full call number Accession Number Koha item type
    Fiction Main Library Main Library SHELF-12C-ENID BLYTON 22/09/2014 PURCHASED 823 BLY/S 08444 Books